书目信息 |
| 题名: |
古埃及探秘:尼罗河畔的金字塔世界
|
|
| 作者: | JEAN VERCOUTTER 著 | |
| 分册: | ||
| 出版信息: | 上海 上海书店出版社 1999.12 |
|
| 页数: | 206页 | |
| 开本: | 32开 | |
| 丛书名: | ||
| 单 册: | ||
| 中图分类: | K411.1 | |
| 科图分类: | ||
| 主题词: | 北非--历史 | |
| 电子资源: | ||
| ISBN: | 7-80622-457-2 | |
| 000 | 00601nam0 2200193 45 | |
| 001 | 0001151567 | |
| 005 | 20000115152633.1 | |
| 010 | @a7-80622-457-2@d38.00元 | |
| 100 | @a20000115d1999 km y0chiy0120 ea | |
| 101 | 0 | @achi |
| 105 | @a z 000yy | |
| 200 | 1 | @a古埃及探秘:尼罗河畔的金字塔世界@AGu Ai Ji Tan Mi:Ni Luo He Pan De Jin Zi Ta Shi Jie@fJEAN VERCOUTTER著@FJEAN VERCOUTTER Zhu |
| 210 | @a上海@c上海书店出版社@d1999.12 | |
| 215 | @a206页@d32开 | |
| 606 | 0 | @a北非@x历史 |
| 690 | @aK411.1@v3 | |
| 701 | 0 | @aJEAN VERCOUTTER@4著 |
| 801 | @aCN@bPftUser@c20000115 | |
| 905 | @b403125@dK411.1@eW851@f1 | |
| 古埃及探秘:尼罗河畔的金字塔世界/JEAN VERCOUTTER著.-上海:上海书店出版社,1999.12 |
| 206页;32开 |
| ISBN 7-80622-457-2:38.00元 |
| ● |
| 相关链接 |
|
|
|
正题名:古埃及探秘:尼罗河畔的金字塔世界
索取号:K411.1/W851
 
预约/预借
| 序号 | 登录号 | 条形码 | 馆藏地/架位号 | 状态 | 备注 |
| 1 | 403125 | 204031252 | 社科库309/309社科库 40排2列2层/ [索取号:K411.1/W851] | 在馆 |